000 00314nam a22001337a 4500
008 181022b xxu||||| |||| 00| 0 eng d
020 _a9780393977561
041 _aeng
080 _22nd
_a820
100 _a21
101 _aGJL
245 _aThe Norton Anthology of World Literature
_cLawall,S
942 _2udc
_cBK
999 _c50414
_d50414